zpět

Detail výsledku týmu

Baarovka, České Budějovice

Datum a čas kvízu

25.5 Celkem bodů Celkový počet nahraných bodů na tomto kvízu bez doplňovacích otázek.
6. Pořadí na kvízu Konečné umístění týmu na tomto kvízu.

Zaznamenané odpovědi

# Otázka Odpověď Body Výsledky
1. Jedné z českých zoologických z... Zlín 0
2. Slovenský premiér Igor Matovič... plagiátorství 1
3. Skupina Prima představila podz... Sestřičky Modrý kód 0
4. Poslední Boeing 747 (přezdívan... Nad australskými vodami vykroužil siluetu klokana. 0
5. Basketbalový Nymburk opouští d... Jaromír Bohačík 0
6. Nyní se podíváme na některé dr... TRX  1
7. Tento kardiovaskulární trénink... Tabata 1
8. Na fotografii vidíme jeden z n... plank (též prkno) 1
9. Sportovní aktivity často prová... 1 kcal = 4 kJ 1
10. Na závěr tématu si pustíme vid... Jumping 1